00599 2200205 4500001002100000005001500021035002000036007000300056008004100059020001400100082000800114084001400122100002300136245009500159250001100254260004800265300003100313600002900344990002000373INLIS00000000000733220210316112719 a0010-0321000702ta210316 g 0 ind  a996865122 a421 a421 DRA e0 aDra. M.I. Indriani1 aEnglish Pronunciation :bThe English Speech Sounds Theory & Practice /cDra. M.I. Indriani acet. 3 aJakarta :bPT Gramedia Pustaka Utama,c2005 a103 hlm :b. ;c14 x 21 cm 4aSOSIOLOGI BAHASA INGGRIS a6262041010777 A